书目信息 |
| 题名: |
中文版UG NX曲面造型完全学习手册
|
|
| 作者: | 鞠成伟 , 杨春兰 , 刘永玉 编著 | |
| 分册: | ||
| 出版信息: | 北京 清华大学出版社 2014.11 |
|
| 页数: | 331页 | |
| 开本: | 26cm | |
| 丛书名: | 完全学习手册 | |
| 单 册: | ||
| 中图分类: | TH122-62 | |
| 科图分类: | ||
| 主题词: | 曲面--qu mian--机械设计--计算机辅助设计--应用软件--手册 | |
| 电子资源: | ||
| ISBN: | 978-7-302-34929-7 | |
| 000 | 01343nam 2200325 450 | |
| 001 | CAL 0120141223521 | |
| 005 | 20150806133308.46 | |
| 010 | @a978-7-302-34929-7@dCNY55.00 (含光盘) | |
| 010 | @a978-7-89395-172-5@b光盘 | |
| 100 | @a20141117d2014 em y0chiy50 ea | |
| 101 | 0 | @achi |
| 102 | @aCN@b110000 | |
| 105 | @aak z 000yy | |
| 106 | @ar | |
| 200 | 1 | @a中文版UG NX曲面造型完全学习手册@Azhong wen ban UG NX qu mian zao xing wan quan xue xi shou ce@f鞠成伟, 杨春兰, 刘永玉编著 |
| 210 | @a北京@c清华大学出版社@d2014.11 | |
| 215 | @a331页@c图@d26cm@e光盘1片 | |
| 225 | 2 | @a完全学习手册@Awan quan xue xi shou ce |
| 330 | @a本书讲解的是UG NX 9.0曲面造型设计模块。全书由15章组成, 包含了曲线造型、曲面造型、曲面分析和实例应用等方面的内容, 并提供了大量的实例增强了实际的操作性。本书以通俗易懂的文字、图片, 全面、系统、由浅入深的讲解可以使读者在短时间内掌握曲面设计知识。 | |
| 410 | 0 | @12001 @a完全学习手册 |
| 517 | 1 | @aUG NX曲面造型完全学习手册@AUG NX qu mian zao xing wan quan xue xi shou ce |
| 586 | @a | |
| 606 | 0 | @a曲面@Aqu mian@x机械设计@x计算机辅助设计@x应用软件@j手册 |
| 610 | 0 | @aUG NX |
| 690 | @aTH122-62@v5 | |
| 701 | 0 | @a鞠成伟@Aju cheng wei@4编著 |
| 701 | 0 | @a杨春兰@Ayang chun lan@4编著 |
| 701 | 0 | @a刘永玉@Aliu yong yu@4编著 |
| 801 | 0 | @aCN@c20150820 |
| 905 | @a河南城建学院图书馆@dTH122-62@eJ934@f3 | |
| 中文版UG NX曲面造型完全学习手册/鞠成伟, 杨春兰, 刘永玉编著.-北京:清华大学出版社,2014.11 |
| 331页:图;26cm+光盘1片.-(完全学习手册) |
| ISBN 978-7-302-34929-7:CNY55.00 (含光盘) |
| 本书讲解的是UG NX 9.0曲面造型设计模块。全书由15章组成, 包含了曲线造型、曲面造型、曲面分析和实例应用等方面的内容, 并提供了大量的实例增强了实际的操作性。本书以通俗易懂的文字、图片, 全面、系统、由浅入深的讲解可以使读者在短时间内掌握曲面设计知识。 |
| ● |
| 相关链接 |
|
|
|
正题名:中文版UG NX曲面造型完全学习手册
索取号:TH122-62/J934
 
预约/预借
| 序号 | 登录号 | 条形码 | 馆藏地/架位号 | 状态 | 备注 |
| 1 | 1162035 | 211620352 | 自科库501/501自科库 34排4列5层/ [索取号:TH122-62/J934] | 在馆 | |
| 2 | 1162036 | 211620361 | 自科库501/501自科库 34排4列5层/ [索取号:TH122-62/J934] | 在馆 | |
| 3 | 1162037 | 211620370 | 自科库501/501自科库 34排4列5层/ [索取号:TH122-62/J934] | 在馆 |